Plant hazard analysis and safety instrumentation systems /

Plant Hazard Analysis and Safety Instrumentation Systems, Second Edition serves as a comprehensive guide to the development of safety instrumented systems (SISs), outlining the connections between SIS requirements, process hazard analysis, SIS lifecycle, implementation, safety analysis, and realizat...

Full description

Bibliographic Details
Main Author: Basu, Swapan (Author)
Corporate Author: ScienceDirect (Online service)
Format: eBook
Language:English
Published: London, United Kingdom : Academic Press, 2025.
Edition:Second edition.
Subjects:
Online Access:Connect to the full text of this electronic book

MARC

Tag First Indicator Second Indicator Subfields
LEADER 00000nam a2200000 i 4500
001 in00005774432
005 20260327181129.4
006 m o d
007 cr cnu---unuuu
008 250210s2025 enk o 001 0 eng d
040 |a OPELS  |b eng  |e rda  |e pn  |c OPELS  |d OCLCO 
020 |z 9780443338656 
035 |a (OCoLC)1498530126 
050 4 |a TJ164 
082 0 4 |a 621.31/21  |2 23/eng/20250210 
049 |a TXAM 
100 1 |a Basu, Swapan,  |e author. 
245 1 0 |a Plant hazard analysis and safety instrumentation systems /  |c Swapan Basu. 
250 |a Second edition. 
264 1 |a London, United Kingdom :  |b Academic Press,  |c 2025. 
300 |a 1 online resource. 
336 |a text  |b txt  |2 rdacontent 
337 |a computer  |b c  |2 rdamedia 
338 |a online resource  |b cr  |2 rdacarrier 
520 |a Plant Hazard Analysis and Safety Instrumentation Systems, Second Edition serves as a comprehensive guide to the development of safety instrumented systems (SISs), outlining the connections between SIS requirements, process hazard analysis, SIS lifecycle, implementation, safety analysis, and realization in control systems. The book also explores the impact of recent advances, such as SIL, SIS, and Fault Tolerance. In addition, it facilitates the linkage between SIS requirements and process hazard analysis for the completion of SIS lifecycle implementation. The author, drawing from over 35 years of industrial experience, incorporates practical examples throughout the book. Other sections cover safety analysis and realization in control systems, providing up-to-date descriptions of modern concepts like SIL, SIS, and SIF. Additionally, the book delves into discussions on cost impact, basics of statistics, and reliability. The impact of hazardous atmospheres on electrical enclosures is extensively discussed, especially in light of Atex. Finally, new chapters in this updated edition address security concerns crucial for programmable systems in modern plants. Topics include the discussion of hazardous atmospheres and their impact on electrical enclosures, the use of IS circuits, and their links to safety considerations in major developmental areas, including IIoT, Cloud computing, wireless safety, Industry 4.0, and much more. 
500 |a Includes index. 
588 0 |a Online resource; title from PDF title page (ScienceDirect, viewed February 10, 2025). 
650 0 |a Power-plants  |x Safety measures. 
650 0 |a Power-plants  |x Instruments. 
650 6 |a Centrales énergétiques  |x Sécurité  |x Mesures. 
650 6 |a Centrales énergétiques  |x Instruments. 
655 7 |a Electronic books.  |2 local 
710 2 |a ScienceDirect (Online service) 
856 4 0 |u http://proxy.library.tamu.edu/login?url=https://www.sciencedirect.com/science/book/9780443338656  |z Connect to the full text of this electronic book  |t 0 
955 |a Elsevier ScienceDirect 2026-2027 
994 |a 92  |b TXA 
999 f f |i 58cb9736-cbf3-41ef-9096-efc405d11225  |s d9564fde-ffee-4a8b-b0f8-10c268711ac3  |t 0 
952 f f |a Texas A&M University  |b College Station  |c Electronic Resources  |s www_evans  |d Available Online  |t 0  |e TJ164   |h Library of Congress classification 
998 f f |a TJ164   |t 0  |l Available Online